Lumley's public health acts (Record no. 372402)

000 -LEADER
fixed length control field 00533cam a22001577a 4500
008 - FIXED-LENGTH DATA ELEMENTS--GENERAL INFORMATION
fixed length control field 180718b xxu||||| |||| 00| 0 eng d
082 ## - DEWEY DECIMAL CLASSIFICATION NUMBER
Classification number OO3x42 L971/Si45
100 ## - MAIN ENTRY--PERSONAL NAME
Personal name Lumley, W.G.
245 ## - TITLE STATEMENT
Title Lumley's public health acts
Statement of responsibility, etc. by W.G. Lumley and Edmund Lumley
250 ## - EDITION STATEMENT
Edition statement 12th ed.
260 ## - PUBLICATION, DISTRIBUTION, ETC.
Place of publication, distribution, etc. London
Name of publisher, distributor, etc. Butterworth
Date of publication, distribution, etc.
300 ## - PHYSICAL DESCRIPTION
Extent -v-
500 ## - GENERAL NOTE
General note v.8: Statutory rules, orders and instruments, circulars, etc. 1951-1956: by K.T. Watson; 1838, 55p.; Rs.7125
650 ## - SUBJECT ADDED ENTRY--TOPICAL TERM
Topical term or geographic name entry element Public Health - UK - Legislation
700 ## - ADDED ENTRY--PERSONAL NAME
Personal name Lumley, Edmund
Holdings
Withdrawn status Lost status Damaged status Not for loan Permanent Location Current Location Date acquired Full call number Barcode Date last seen Price effective from Koha item type
        Indian Institute of Public Administration Indian Institute of Public Administration 1994-06-15 OO3x42 L971/Si45 8895 2018-07-21 2018-07-21 Book

Powered by Koha